00750 a2200205 4500999001900000005001700019010001500036020003000051035001400081037001600095082001500111100001600126245004200142250000900184260004100193270012700234300002200361942003400383952012700417 c182813d18281320211207114112.0 aENG-130216 c995.00a978-81-92485-46-1 aEN-113748 bDBAD / PUB a954.035092 aVerma, B.C. aSARDAR VALLABHBHAI PATEL:cB.C. Verma a2015 aDarya GanjbNisha Publicationsc2015 bNew Delhimsales@nishabookdistributors.comaG-11 A 4754/23, Akarshan Bhawan, Ansari Road, Darya Ganje110002k011-29258681 a296p.c22cm (hbk) adplcEN2ddch954.035092mVER 001040708NFICaBL4bBL4d2021-12-07eDBAD/PUBg995.00l0o954.035092 VERpEN-113748r2021-12-07 00:00:00t1v995.00yEN